Peoples and cultures of the Middle East /

محفوظ في:

المؤلف الرئيسي: Bates, Daniel G. (مؤلف)

مؤلفون آخرون: Rassam, Amal.

التنسيق: كتاب

اللغة: English

منشور في: Englewood Cliffs, NJ : Prentice-Hall, c1983.

الموضوعات:

الوسوم: إضافة وسم

لا توجد وسوم, كن أول من يضع وسما على هذه التسجيلة!

رقم الطلب: DS57 .B34 1983

LEADER 00772namaa2200253 4500
001 20789
003 OSt
005 20260311123654.0
008 130303s1983 njua b 001 0 eng d
010 |a 82021547 
020 |a 0136567932   |q (pbk.) 
040 |c ARCE Library 
043 |a aw----- 
050 4 |a DS57 .B34 1983 
100 1 |a Bates, Daniel G.,   |e author 
245 1 0 |a Peoples and cultures of the Middle East /  |c Daniel G. Bates, Amal Rassam. 
264 1 |a Englewood Cliffs, NJ :  |b Prentice-Hall,  |c c1983. 
300 |a xiv, 289 pages :  |b illustrations ;  |c 23 cm. 
504 |a Includes bibliographical references and index. 
651 0 |a Middle East  |x Social life and customs. 
700 1 |a Rassam, Amal.  |9 38201 
901 |a reviewed 
942 |c BK  |2 lcc 
999 |c 17229  |d 17229